<?xml version="1.0" encoding="UTF-8"?>
<record
    xmlns:xsi="http://www.w3.org/2001/XMLSchema-instance"
    xsi:schemaLocation="http://www.loc.gov/MARC21/slim http://www.loc.gov/standards/marcxml/schema/MARC21slim.xsd"
    xmlns="http://www.loc.gov/MARC21/slim">

  <leader>00606nam  22001933  4500</leader>
  <controlfield tag="001">202850</controlfield>
  <datafield tag="010" ind1=" " ind2=" ">
    <subfield code="a">2-85956-783-6</subfield>
  </datafield>
  <datafield tag="090" ind1=" " ind2=" ">
    <subfield code="a">202850</subfield>
  </datafield>
  <datafield tag="100" ind1=" " ind2=" ">
    <subfield code="a">20260703d        u||y0pory50      ba</subfield>
  </datafield>
  <datafield tag="200" ind1=" " ind2=" ">
    <subfield code="a">Les fugues d'Olympia</subfield>
    <subfield code="e">V&#xE9;nus Khoury-Ghata</subfield>
  </datafield>
  <datafield tag="210" ind1=" " ind2=" ">
    <subfield code="a">Paris</subfield>
    <subfield code="c">Ramsay</subfield>
    <subfield code="d">cop.1989</subfield>
  </datafield>
  <datafield tag="215" ind1=" " ind2=" ">
    <subfield code="a">226, [5] p.</subfield>
    <subfield code="c">brochado</subfield>
    <subfield code="d">22 cm</subfield>
  </datafield>
  <datafield tag="300" ind1=" " ind2=" ">
    <subfield code="a">Cont&#xE9;m dedicat&#xF3;ria na folha de guarda</subfield>
  </datafield>
  <datafield tag="606" ind1=" " ind2=" ">
    <subfield code="9">9395</subfield>
    <subfield code="a">Literatura Libanesa</subfield>
    <subfield code="x">Em L&#xED;ngua Francesa</subfield>
  </datafield>
  <datafield tag="675" ind1=" " ind2=" ">
    <subfield code="a">821.133.1(569.3)-1</subfield>
    <subfield code="v">FR</subfield>
    <subfield code="z">fre</subfield>
  </datafield>
  <datafield tag="700" ind1=" " ind2=" ">
    <subfield code="9">17699</subfield>
    <subfield code="a">Khoury-Ghata</subfield>
    <subfield code="b">V&#xE9;nus</subfield>
    <subfield code="f">1937-2026</subfield>
  </datafield>
  <datafield tag="801" ind1=" " ind2=" ">
    <subfield code="a">PT</subfield>
    <subfield code="b">BMMN</subfield>
    <subfield code="g">RPC</subfield>
  </datafield>
  <datafield tag="830" ind1=" " ind2=" ">
    <subfield code="c">Ana Falardo</subfield>
    <subfield code="f">Ana Falardo</subfield>
  </datafield>
  <datafield tag="990" ind1=" " ind2=" ">
    <subfield code="c">LIVROS</subfield>
  </datafield>
  <datafield tag="995" ind1=" " ind2=" ">
    <subfield code="0">0</subfield>
    <subfield code="2">0</subfield>
    <subfield code="5">2026-07-03</subfield>
    <subfield code="9">32662</subfield>
    <subfield code="b">BMMN</subfield>
    <subfield code="f">32372</subfield>
    <subfield code="k">821.133.1(569.3)-1 KHO|SAF</subfield>
    <subfield code="o">0</subfield>
    <subfield code="r">LIVROS</subfield>
    <subfield code="u">Acesso Condicionado</subfield>
    <subfield code="s">Oferta</subfield>
  </datafield>
</record>
